LEADER 01757oam 2200445I 450 001 9910711545103321 005 20181108144205.0 035 $a(CKB)5470000002484601 035 $a(OCoLC)961333214 035 $a(EXLCZ)995470000002484601 100 $a20161028d1960 ua 0 101 0 $aeng 135 $aurn|||||||||| 181 $ctxt$2rdacontent 182 $cc$2rdamedia 183 $acr$2rdacarrier 200 10$aSurface water supply of the United States, 1958$hPart 3-A$iOhio River Basin except Cumberland and Tennessee River basins /$fPrepared under the direction of J. V. B. Wells 210 1$a[Washington, D.C.] :$cUnited States Department of the Interior, Geological Survey,$d1960. 210 2$aWashington :$cUnited States Government Printing Office. 215 $a1 online resource (xii, 574 pages) $cillustrations, maps 225 1 $aGeological Survey water-supply paper ;$v1555 300 $a"Prepared by the Geological Survey in cooperation with the States of Illinois, Indiana, Kentucky, Maryland, New York, North Carolina, Ohio, Pennsylvania, Virginia, and West Virginia, and with other agencies." 300 $a"* U.S. Government Printing Office : I960 O 545478"--Page 574. 300 $aIncludes tables. 320 $aIncludes index. 606 $aWater quality$zOhio River Watershed 606 $aWater-supply$zOhio River Watershed 615 0$aWater quality 615 0$aWater-supply 700 $aWells$b J. V. B.$01385991 712 02$aGeological Survey (U.S.), 801 0$bCOP 801 1$bCOP 801 2$bOCLCO 801 2$bOCLCF 801 2$bGPO 906 $aBOOK 912 $a9910711545103321 996 $aSurface water supply of the United States, 1958$93440773 997 $aUNINA